Religion Quiz

Random Religion or Latin Quiz
Score 0/14 Timer 05:00
0 Plays Today
Year Published Title ( In Latin) % Correct
March 1979Redemptor Hominis
71.4%
September 1998Fides et Ratio
66.7%
March 1995Evangelium Vitae
57.1%
March 1987Redemptoris Mater
52.4%
August 1993Veritatis Splendor
52.4%
May 1991Centesimus Annus
47.6%
December 1990 Redemptoris Missio
38.1%
Year Published Title ( In Latin) % Correct
April 2003Ecclesia de Eucharistia
38.1%
November 1980Dives In Misericordia
33.3%
May 1995Ut Unum Sint
33.3%
September 1981Laborem Exercens
23.8%
December 1987Sollicitudo Rei Socialis
23.8%
June 1985Slavorum Apostoli
19%
May 1986Dominum et Vivificantum
14.3%

You're not logged in!

Compare scores with friends on all Sporcle quizzes.
OR
Log In

Sporcle TV

Today on Sporcle TV


Watch our educational content, quiz creation guides, and fun videos on Sporcle TV.

Show Comments

Extras

Top Quizzes Today


Score Distribution

Paid Content

Your Account Isn't Verified!

In order to create a playlist on Sporcle, you need to verify the email address you used during registration. Go to your Sporcle Settings to finish the process.

Report this User

Report this user for behavior that violates our Community Guidelines.

Details: